Report of the T.L. Venkatarama Aiyar Commission of Inquiry (Record no. 489218)

000 -LEADER
fixed length control field 00444cam a22001337a 4500
008 - FIXED-LENGTH DATA ELEMENTS--GENERAL INFORMATION
fixed length control field 180718b1970 xxu||||| |||| 00| 0 eng d
082 ## - DEWEY DECIMAL CLASSIFICATION NUMBER
Classification number F5x5413 B489
100 ## - MAIN ENTRY--PERSONAL NAME
Personal name Bihar. T.L. Venkatarama Aiyar Commission of Inquiry
245 ## - TITLE STATEMENT
Title Report of the T.L. Venkatarama Aiyar Commission of Inquiry
260 ## - PUBLICATION, DISTRIBUTION, ETC.
Place of publication, distribution, etc. Patna
Name of publisher, distributor, etc. The author
Date of publication, distribution, etc. 1970
300 ## - PHYSICAL DESCRIPTION
Extent 561+p.
500 ## - GENERAL NOTE
General note Chairman: T.L. Venkatarama Aiyar
700 ## - ADDED ENTRY--PERSONAL NAME
Personal name Venkatarama Aiyar, T.L. (Chairman)
Holdings
Withdrawn status Lost status Damaged status Not for loan Permanent Location Current Location Date acquired Full call number Barcode Date last seen Price effective from Koha item type
        Indian Institute of Public Administration Indian Institute of Public Administration 2018-08-04 F5x5413 B489 G12127 2018-08-04 2018-08-04 G

Powered by Koha